| 000 | 00706cam a2200241 a 4500 | ||
|---|---|---|---|
| 001 | 000004912 | ||
| 003 | OSt | ||
| 005 | 20200929151530.0 | ||
| 008 | 080618s1992 pr 001 p spa | ||
| 020 | _a0865814635 | ||
| 040 |
_aDO-SdBNP _bspa _cBNPHU |
||
| 082 |
_aPR861.42 _bS487a |
||
| 100 | 1 |
_aSerra Deliz, Wenceslao, _d1941- _914203 |
|
| 245 | 1 | 0 |
_aAbra palabra / _cWenceslao Serra Deliz. |
| 260 |
_aSan Juan, Puerto Rico : _bInstituto de Cultura Puertorriquena, _c1992. |
||
| 300 |
_a119 p. ; _c21 cm. |
||
| 490 | 1 | _aEspada y flor | |
| 650 | 4 |
_aPoesía puertorriqueña _91015 |
|
| 650 | 4 |
_aLiteratura puertorriqueña _9250 |
|
| 830 | 0 |
_aEspada y flor _914204 |
|
| 942 |
_2ddc _cLF1 |
||
| 956 | _aLOPEREZ | ||
| 999 |
_c4718 _d4718 |
||